000 00322nam a22001337a 4500
008 250414b |||||||| |||| 00| 0 eng d
020 _a0399516859
050 _aHD38
_b.W35
100 _aDeming Management at Work
245 _aWALTON, Mary
260 _aNew York
_bPutnam Publishing
_c1990
300 _a249p.
942 _cBK
999 _c2961
_d2961